Statistics for North Carolina True or False?

Click here to take the quiz!

General Stats

  • This quiz has been taken 36 times
  • The average score is 10 of 15

Answer Stats

QuestionAnswer% Correct
Charlotte is North Carolina's capital.False
97%
Raleigh is named after Sir Walter Raleigh.True
86%
For years, North Carolina economy was built on tobacco.True
83%
Raleigh is North Carolina's biggest city.False
76%
Duke is located in Durham.True
72%
10% of North Carolinian's are Hindu.False
69%
Roy Cooper is the governor of North Carolina.True
69%
North Carolina's biggest coastal city in Wilmington.True
66%
North Carolina voted for Obama in 2008, but Romney in 2012.True
59%
The motto of North Carolina (in English) is 'To be rather than to seem.'True
59%
Dean Smith coached UNC's football team for 35 years.False
55%
From 1861-1865, more North Carolinian's soldiers died than any other state in the Confederacy.True
55%
North Carolina has had more Republican governors that Democrats.False
45%
The death penalty in North Carolina is illegal.False
45%
There was an insurrection in Wilmington by racists and Klansman in 1888.False
24%

Score Distribution

Percentile by Number Answered

Percent of People with Each Score

Your Score History

You have not taken this quiz